000 01052nam a22002177a 4500
999 _c62324
_d62324
003 Ge_BSU
005 20240926160743.0
008 240926s2019 ge ||||| |||| 00| 0 geo d
041 _ageo
080 _a69:620.9 ე-67
245 _aენერგოეფექტურობა მშენებლობაში :
_b [სახელმძღვანელო] /
_cბირგიტ დ. მაიერ-ვ; ხათუნა სიჭინავა; თომას დუცია [და სხვ.]
264 _aთბილისი,
_c2019.
300 _a263 გვ.:
_bილ. ;
_c24 სმ..
653 _a ზოგადი ენერგეტიკა
653 _aმშენებლობა
653 _aსამსენებლო ფიზიკა
700 _a მაიერ-ვ , ბირგიტ დ
_eავტორი
_923293
700 _aსიჭინავა, ხათუნა
_930
700 _aდუცია, თომას
_eავტორი
_96214
942 _2udc
_cᲬᲘᲒᲜᲘ